000 00585nam a22001937a 4500
003 OSt
005 20260427071017.0
008 260427b |||||||| |||| 00| 0 eng d
020 _a981-4053-17-1
040 _aDWCL-Main lib.
_cOC
082 _aCirc. 621.395 M317e 2001
100 _aMano, M. Morris
245 _aLogic and computer design fundamentals/
_cM. Morris Mano
260 _aNew Jersey :
_bPrentice-Hall International,
_cc2001
300 _aiii, 650 pages ;
_c24 cm.
504 _aIncludes index
700 _aKime, Charles R.
942 _2ddc
_cBK-CIRC
_hCirc.
_n0
999 _c9946
_d9946